Statistics for Members of Wars Including Ottoman Empire

Click here to take the quiz!

General Stats

  • This quiz has been taken 41 times
  • The average score is 31 of 48

Answer Stats

Answer% Correct
Bulgaria
100%
Bulgaria
100%
Greece
100%
Greece
100%
Greece
100%
United Kingdom
100%
United Kingdom
100%
France
94%
France
94%
Serbia
94%
Serbia
94%
Austria-Hungary
91%
Germany
91%
Italy
91%
Russia
88%
Russia
88%
Romania
85%
United States
85%
Hungary
79%
Montenegro
79%
Montenegro
79%
Belgium
70%
Japan
70%
Armenia
67%
Australia
64%
Byzantine Empire
64%
China
64%
Poland
64%
Portugal
64%
New Zealand
61%
Georgia
55%
Venice
55%
Azerbaijan
52%
Genoa
39%
Moldavia
39%
India
36%
Ottoman Empire
36%
Ottoman Empire
36%
Ottoman Empire
36%
Ottoman Empire
36%
Ottoman Empire
36%
South Africa
36%
Brazil
33%
Wallachia
24%
Afghanistan
21%
Papal States
21%
Newfoundland
12%
Sicily
12%

Score Distribution

Percentile by Number Answered

Percent of People with Each Score

Your Score History

You have not taken this quiz